LEADER 01829nam0 22004213i 450 001 VAN00283355 005 20250116021041.233 017 70$2N$a9783031183935 100 $a20241125d2022 |0itac50 ba 101 $aeng 102 $aCH 105 $a|||| ||||| 181 $ai$b e 182 $ab 200 1 $aAdvances in Solid and Fracture Mechanics$eA Liber Amicorum to Celebrate the Birthday of Nikita Morozov$fHolm Altenbach ... [et al.] editors 210 $aCham$cSpringer$d2022 215 $axxiii, 278 p.$cill.$d24 cm 410 1$1001VAN00107736$12001 $aAdvanced Structured Materials$1210 $aHeidelberg$cSpringer$d2010-$v180 606 $a70-XX$xMechanics of particles and systems [MSC 2020]$3VANC021390$2MF 606 $a74-XX$xMechanics of deformable solids [MSC 2020]$3VANC022466$2MF 606 $a81-XX$xQuantum theory [MSC 2020]$3VANC019967$2MF 610 $aFracture mechanics$9KW:K 610 $aMaterials and Structures$9KW:K 610 $aMathematical modeling$9KW:K 610 $aMechanics of Solids$9KW:K 610 $aPlates and Shells$9KW:K 610 $aSimulation of Materials$9KW:K 620 $aCH$dCham$3VANL001889 702 1$aAltenbach$bHolm$3VANV083470 712 $aSpringer $3VANV108073$4650 801 $aIT$bSOL$c20250117$gRICA 856 4 $uhttps://doi.org/10.1007/978-3-031-18393-5$zE-book ? Accesso al full-text attraverso riconoscimento IP di Ateneo, proxy e/o Shibboleth 899 $aBIBLIOTECA DEL DIPARTIMENTO DI MATEMATICA E FISICA$1IT-CE0120$2VAN08 912 $fN 912 $aVAN00283355 950 $aBIBLIOTECA DEL DIPARTIMENTO DI MATEMATICA E FISICA$d08DLOAD e-Book 9889 $e08eMF9889 20241211 996 $aAdvances in solid and fracture mechanics$93064957 997 $aUNICAMPANIA LEADER 02168nam0 22004693i 450 001 VAN00283830 005 20250211023411.518 017 70$2N$a9783030962487 100 $a20241209d2022 |0itac50 ba 101 $aeng 102 $aCH 105 $a|||| ||||| 181 $ai$b e 182 $ab 200 1 $aSpatio-Temporal Modeling and Device Optimization of Passively Mode-Locked Semiconductor Lasers$eDoctoral Thesis accepted by Technische Universität Berlin, Berlin, Germany$fStefan Meinecke 210 $aCham$cSpringer$d2022 215 $axviii, 251 p.$cill.$d24 cm 410 1$1001VAN00104193$12001 $aSpringer theses$erecognizing outstanding Ph.D. research$1210 $aBerlin$cSpringer$d2010- 606 $a78-XX$xOptics, electromagnetic theory [MSC 2020]$3VANC022356$2MF 606 $a78A60$xLasers, masers, optical bistability, nonlinear optics [MSC 2020]$3VANC029030$2MF 606 $a82-XX$xStatistical mechanics, structure of matter [MSC 2020]$3VANC021931$2MF 610 $aExternal-cavity Laser$9KW:K 610 $aLaser Diode$9KW:K 610 $aLaser dynamics$9KW:K 610 $aMode locking$9KW:K 610 $aNonlinear Dynamics$9KW:K 610 $aNumerical Device Simulation$9KW:K 610 $aPassive Mode-locking$9KW:K 610 $aSemiconductor Laser$9KW:K 610 $aSemiconductor quantum-dots$9KW:K 610 $aSpatio-temporal Dynamics$9KW:K 620 $aCH$dCham$3VANL001889 700 1$aMeinecke$bStefan$3VANV237465$01217621 712 $aSpringer $3VANV108073$4650 801 $aIT$bSOL$c20250214$gRICA 856 4 $uhttps://doi.org/10.1007/978-3-030-96248-7$zE-book ? Accesso al full-text attraverso riconoscimento IP di Ateneo, proxy e/o Shibboleth 899 $aBIBLIOTECA DEL DIPARTIMENTO DI MATEMATICA E FISICA$1IT-CE0120$2VAN08 912 $fN 912 $aVAN00283830 950 $aBIBLIOTECA DEL DIPARTIMENTO DI MATEMATICA E FISICA$d08DLOAD e-Book 10075 $e08eMF10075 20241219 996 $aSpatio-Temporal Modeling and Device Optimization of Passively Mode-Locked Semiconductor Lasers$92815866 997 $aUNICAMPANIA